Architectural drafting and design

Đã lưu trong:
书目详细资料
格式: 图书
语言:Undetermined
出版: New York Delmar 2001
主题:
标签: 添加标签
没有标签, 成为第一个标记此记录!
Thư viện lưu trữ: Trung tâm Học liệu Trường Đại học Cần Thơ
LEADER 00455nam a2200169Ia 4500
001 CTU_103322
008 210402s9999 xx 000 0 und d
020 |c 137.6 
082 |a 720.284 
082 |b A673/V.4 
245 0 |a Architectural drafting and design 
260 |a New York 
260 |b Delmar 
260 |c 2001 
650 |a Architectural drawing,Architectural design 
904 |i Truc 
980 |a Trung tâm Học liệu Trường Đại học Cần Thơ